[Event "DEM U18w 2025"]
[Site "Willingen GER"]
[Date "2025.06.13"]
[Round "8"]
[White "Malmström, Eva"]
[Black "Wilmink, Anna"]
[Result "0-1"]
[Termination "normal"]
[Board "5"]
[BlackTitle "WCM"]
[WhiteElo "1929"]
[BlackElo "1995"]
[WhiteClock "00:37:50"]
[BlackClock "00:24:25"]
[PlyCount "104"]
[WhiteFideId "34607072"]
[BlackFideId "16273680"]
[EventCountry "GER"]
[EventRounds "9"]
[EventType "swiss"]
[EventDate "2025.06.07"]

1. e4 {[%clk 01:30:59]} c5 {[%clk 01:30:55]} {[%emt 00:00:06]} 2. Be2 {[%clk
01:30:53]} {[%emt 00:00:35]} Nc6 {[%clk 01:31:14]} {[%emt 00:00:13]} 3. f4
{[%clk 01:31:15]} {[%emt 00:00:06]} e6 {[%clk 01:31:33]} {[%emt 00:00:12]} 4.
d3 {[%clk 01:31:28]} {[%emt 00:00:16]} d5 {[%clk 01:31:56]} {[%emt 00:00:07]}
5. Nf3 {[%clk 01:31:29]} {[%emt 00:00:30]} Bd6 {[%clk 01:32:15]} {[%emt
00:00:11]} 6. O-O {[%clk 01:30:41]} {[%emt 00:01:17]} Nge7 {[%clk 01:32:29]}
{[%emt 00:00:17]} 7. c3 {[%clk 01:29:44]} {[%emt 00:01:27]} f6 {[%clk
01:32:46]} {[%emt 00:00:12]} 8. Na3 {[%clk 01:26:42]} {[%emt 00:03:32]} a6
{[%clk 01:32:54]} {[%emt 00:00:23]} 9. Nc2 {[%clk 01:25:55]} {[%emt 00:01:16]}
Qc7 {[%clk 01:32:59]} {[%emt 00:00:25]} 10. g3 {[%clk 01:25:11]} {[%emt
00:01:14]} O-O {[%clk 01:32:48]} {[%emt 00:00:42]} 11. a4 {[%clk 01:24:17]}
{[%emt 00:01:23]} b6 {[%clk 01:28:18]} {[%emt 00:05:01]} 12. Ne3 {[%clk
01:21:47]} {[%emt 00:02:59]} Bd7 {[%clk 01:22:41]} {[%emt 00:06:08]} 13. exd5
{[%clk 01:17:45]} {[%emt 00:04:31]} exd5 {[%clk 01:20:14]} {[%emt 00:02:57]}
14. d4 {[%clk 01:15:34]} {[%emt 00:02:41]} c4 {[%clk 01:15:20]} {[%emt
00:05:26]} 15. Re1 {[%clk 01:12:44]} {[%emt 00:03:18]} b5 {[%clk 01:13:28]}
{[%emt 00:02:22]} 16. b3 {[%clk 01:02:10]} {[%emt 00:11:04]} Na5 {[%clk
01:06:48]} {[%emt 00:07:11]} 17. bxc4 {[%clk 01:00:49]} {[%emt 00:01:51]} Nxc4
{[%clk 01:05:28]} {[%emt 00:01:50]} 18. Bxc4 {[%clk 00:45:42]} {[%emt
00:15:37]} dxc4 {[%clk 01:04:15]} {[%emt 00:01:44]} 19. Ba3 {[%clk 00:44:50]}
{[%emt 00:01:20]} Bc6 {[%clk 00:59:18]} {[%emt 00:05:27]} 20. Kf2 {[%clk
00:41:52]} {[%emt 00:03:28]} Bxa3 {[%clk 00:50:10]} {[%emt 00:09:39]} 21. Rxa3
{[%clk 00:41:55]} {[%emt 00:00:27]} Qd6 {[%clk 00:50:07]} {[%emt 00:00:33]} 22.
Ra1 {[%clk 00:40:59]} {[%emt 00:01:26]} Nd5 {[%clk 00:49:36]} {[%emt 00:01:00]}
23. Qd2 {[%clk 00:36:04]} {[%emt 00:05:25]} Rfe8 {[%clk 00:46:17]} {[%emt
00:03:49]} 24. Nc2 {[%clk 00:30:42]} {[%emt 00:05:52]} Qd7 {[%clk 00:41:16]}
{[%emt 00:05:32]} 25. axb5 {[%clk 00:25:50]} {[%emt 00:05:21]} axb5 {[%clk
00:41:12]} {[%emt 00:00:34]} 26. Rxe8+ {[%clk 00:26:02]} {[%emt 00:00:18]} Rxe8
{[%clk 00:40:25]} {[%emt 00:01:18]} 27. Re1 {[%clk 00:25:54]} {[%emt 00:00:37]}
Kf7 {[%clk 00:33:59]} {[%emt 00:06:57]} 28. Ne3 {[%clk 00:22:51]} {[%emt
00:03:32]} Bb7 {[%clk 00:19:11]} {[%emt 00:15:19]} 29. Qc2 {[%clk 00:16:41]}
{[%emt 00:06:39]} g6 {[%clk 00:14:53]} {[%emt 00:04:48]} 30. Qd2 {[%clk
00:14:48]} {[%emt 00:02:22]} Qc6 {[%clk 00:13:59]} {[%emt 00:01:26]} 31. Nxd5
{[%clk 00:10:58]} {[%emt 00:04:20]} Qxd5 {[%clk 00:12:50]} {[%emt 00:01:39]}
32. Re3 {[%clk 00:11:13]} {[%emt 00:00:13]} Qh5 {[%clk 00:10:52]} {[%emt
00:02:30]} 33. h4 {[%clk 00:07:10]} {[%emt 00:04:32]} Qg4 {[%clk 00:05:00]}
{[%emt 00:06:23]} 34. Qe2 {[%clk 00:07:02]} {[%emt 00:00:37]} Bxf3 {[%clk
00:04:18]} {[%emt 00:01:14]} 35. Qxf3 {[%clk 00:07:12]} {[%emt 00:00:19]} Qxf3+
{[%clk 00:04:00]} {[%emt 00:00:48]} 36. Kxf3 {[%clk 00:07:09]} {[%emt
00:00:33]} Rxe3+ {[%clk 00:02:42]} {[%emt 00:01:48]} 37. Kxe3 {[%clk 00:07:36]}
{[%emt 00:00:03]} Ke6 {[%clk 00:02:44]} {[%emt 00:00:28]} 38. Ke4 {[%clk
00:07:28]} {[%emt 00:00:37]} f5+ {[%clk 00:02:49]} {[%emt 00:00:25]} 39. Kf3
{[%clk 00:07:00]} {[%emt 00:00:59]} Kd5 {[%clk 00:02:06]} {[%emt 00:01:13]} 40.
Ke3 {[%clk 00:06:47]} {[%emt 00:00:42]} h6 {[%clk 00:01:39]} {[%emt 00:00:58]}
41. Kf3 {[%clk 00:06:43]} {[%emt 00:00:34]} b4 {[%clk 00:28:28]} {[%emt
00:03:41]} 42. cxb4 {[%clk 00:37:09]} {[%emt 00:00:04]} Kxd4 {[%clk 00:28:42]}
{[%emt 00:00:17]} 43. Ke2 {[%clk 00:36:47]} {[%emt 00:00:52]} c3 {[%clk
00:26:37]} {[%emt 00:02:35]} 44. b5 {[%clk 00:37:04]} {[%emt 00:00:13]} Kc5
{[%clk 00:26:18]} {[%emt 00:00:49]} 45. Kd3 {[%clk 00:36:33]} {[%emt 00:01:01]}
Kxb5 {[%clk 00:26:31]} {[%emt 00:00:17]} 46. Kxc3 {[%clk 00:36:56]} {[%emt
00:00:06]} Kc5 {[%clk 00:26:23]} {[%emt 00:00:39]} 47. Kd3 {[%clk 00:37:19]}
{[%emt 00:00:06]} Kd5 {[%clk 00:26:16]} {[%emt 00:00:37]} 48. Ke3 {[%clk
00:37:38]} {[%emt 00:00:11]} Kc4 {[%clk 00:24:42]} {[%emt 00:02:05]} 49. Ke2
{[%clk 00:37:53]} {[%emt 00:00:14]} h5 {[%clk 00:24:06]} {[%emt 00:01:07]} 50.
Kf2 {[%clk 00:37:20]} {[%emt 00:01:01]} Kd4 {[%clk 00:24:08]} {[%emt 00:00:30]}
51. Kf3 {[%clk 00:37:28]} {[%emt 00:00:21]} Kd3 {[%clk 00:24:04]} {[%emt
00:00:34]} 52. Kf2 {[%clk 00:37:50]} {[%emt 00:00:08]} Kd2 {[%clk 00:24:25]}
{[%emt 00:00:10]} 0-1

[Event "DEM U18w 2025"]
[Site "Willingen GER"]
[Date "2025.06.13"]
[Round "8"]
[White "Englert, Lin"]
[Black "Sereda, Yaroslava"]
[Result "0-1"]
[Termination "normal"]
[Board "6"]
[BlackTitle "WFM"]
[WhiteElo "1797"]
[BlackElo "2107"]
[WhiteClock "00:11:05"]
[BlackClock "00:02:00"]
[PlyCount "52"]
[WhiteFideId "16226410"]
[BlackFideId "14178940"]
[EventCountry "GER"]
[EventRounds "9"]
[EventType "swiss"]
[EventDate "2025.06.07"]

1. d4 {[%clk 01:30:58]} {[%emt 00:00:01]} Nf6 {[%clk 01:30:42]} {[%emt
00:00:18]} 2. c4 {[%clk 01:30:58]} {[%emt 00:00:29]} e6 {[%clk 01:31:08]}
{[%emt 00:00:05]} 3. Nc3 {[%clk 01:31:00]} {[%emt 00:00:28]} d5 {[%clk
01:31:31]} {[%emt 00:00:08]} 4. cxd5 {[%clk 01:31:16]} {[%emt 00:00:14]} exd5
{[%clk 01:31:59]} {[%emt 00:00:01]} 5. Bg5 {[%clk 01:31:21]} {[%emt 00:00:24]}
Be7 {[%clk 01:32:21]} {[%emt 00:00:10]} 6. e3 {[%clk 01:31:45]} {[%emt
00:00:05]} O-O {[%clk 01:32:45]} {[%emt 00:00:06]} 7. Bd3 {[%clk 01:31:35]}
{[%emt 00:00:40]} h6 {[%clk 01:33:07]} {[%emt 00:00:09]} 8. Bh4 {[%clk
01:31:48]} {[%emt 00:00:16]} Nbd7 {[%clk 01:33:11]} {[%emt 00:00:26]} 9. Nge2
{[%clk 01:31:01]} {[%emt 00:01:17]} c6 {[%clk 01:33:24]} {[%emt 00:00:18]} 10.
a4 {[%clk 01:28:25]} {[%emt 00:03:06]} a5 {[%clk 01:25:35]} {[%emt 00:08:19]}
11. O-O {[%clk 01:24:23]} {[%emt 00:04:31]} Re8 {[%clk 00:55:52]} {[%emt
00:30:14]} 12. f3 {[%clk 01:18:22]} {[%emt 00:06:30]} Nh5 {[%clk 00:49:29]}
{[%emt 00:06:53]} 13. Bxe7 {[%clk 01:02:54]} {[%emt 00:15:58]} Qxe7 {[%clk
00:49:53]} {[%emt 00:00:06]} 14. e4 {[%clk 01:03:16]} {[%emt 00:00:07]} dxe4
{[%clk 00:47:50]} {[%emt 00:02:34]} 15. fxe4 {[%clk 01:02:40]} {[%emt
00:01:08]} Ndf6 {[%clk 00:38:13]} {[%emt 00:10:06]} 16. e5 {[%clk 00:54:00]}
{[%emt 00:09:09]} Ng4 {[%clk 00:31:22]} {[%emt 00:07:21]} 17. Qd2 {[%clk
00:51:30]} {[%emt 00:02:59]} c5 {[%clk 00:17:56]} {[%emt 00:13:57]} 18. Nd5
{[%clk 00:43:05]} {[%emt 00:08:55]} Qd8 {[%clk 00:18:12]} {[%emt 00:00:15]} 19.
dxc5 {[%clk 00:37:41]} {[%emt 00:05:54]} Nxe5 {[%clk 00:17:07]} {[%emt
00:01:35]} 20. Bb5 {[%clk 00:29:10]} {[%emt 00:09:00]} Bd7 {[%clk 00:09:58]}
{[%emt 00:07:40]} 21. Rad1 {[%clk 00:21:51]} {[%emt 00:07:48]} Bxb5 {[%clk
00:02:56]} {[%emt 00:07:32]} 22. axb5 {[%clk 00:22:19]} {[%emt 00:00:01]} Ng4
{[%clk 00:01:57]} {[%emt 00:01:30]} 23. Rf3 {[%clk 00:13:54]} {[%emt 00:08:54]}
Rc8 {[%clk 00:01:26]} {[%emt 00:01:02]} 24. Qc2 {[%clk 00:12:26]} {[%emt
00:01:58]} Qh4 {[%clk 00:01:27]} {[%emt 00:00:29]} 25. Rh3 {[%clk 00:11:14]}
{[%emt 00:01:43]} Qf2+ {[%clk 00:01:40]} {[%emt 00:00:17]} 26. Kh1 {[%clk
00:11:05]} {[%emt 00:00:38]} Rxe2 {[%clk 00:02:00]} {[%emt 00:00:11]} 0-1

[Event "DEM U18w 2025"]
[Site "Willingen GER"]
[Date "2025.06.13"]
[Round "8"]
[White "Reich, Elisabeth"]
[Black "Ulrich, Helena Irene"]
[Result "1/2-1/2"]
[Termination "normal"]
[Board "7"]
[WhiteElo "1830"]
[BlackElo "1841"]
[WhiteClock "00:55:03"]
[BlackClock "00:26:15"]
[PlyCount "45"]
[WhiteFideId "16239776"]
[BlackFideId "16256000"]
[EventCountry "GER"]
[EventRounds "9"]
[EventType "swiss"]
[EventDate "2025.06.07"]

1. Nf3 {[%clk 01:30:57]} {[%emt 00:00:02]} c5 {[%clk 01:30:44]} {[%emt
00:00:17]} 2. d3 {[%clk 01:31:22]} {[%emt 00:00:06]} g6 {[%clk 01:30:42]}
{[%emt 00:00:32]} 3. g3 {[%clk 01:31:46]} {[%emt 00:00:06]} Bg7 {[%clk
01:31:07]} {[%emt 00:00:04]} 4. Bg2 {[%clk 01:32:12]} {[%emt 00:00:04]} Nc6
{[%clk 01:31:10]} {[%emt 00:00:28]} 5. O-O {[%clk 01:32:19]} {[%emt 00:00:22]}
Nf6 {[%clk 01:30:18]} {[%emt 00:01:23]} 6. e4 {[%clk 01:32:08]} {[%emt
00:00:40]} d6 {[%clk 01:30:09]} {[%emt 00:00:39]} 7. Re1 {[%clk 01:31:36]}
{[%emt 00:01:01]} O-O {[%clk 01:27:08]} {[%emt 00:03:32]} 8. Nc3 {[%clk
01:30:19]} {[%emt 00:01:46]} Rb8 {[%clk 01:23:41]} {[%emt 00:03:58]} 9. a4
{[%clk 01:29:59]} {[%emt 00:00:50]} a6 {[%clk 01:22:57]} {[%emt 00:01:15]} 10.
e5 {[%clk 01:25:45]} {[%emt 00:04:44]} dxe5 {[%clk 01:17:27]} {[%emt 00:06:00]}
11. Nxe5 {[%clk 01:25:49]} {[%emt 00:00:25]} Nxe5 {[%clk 01:16:33]} {[%emt
00:01:25]} 12. Rxe5 {[%clk 01:26:18]} {[%emt 00:00:01]} Ng4 {[%clk 01:08:44]}
{[%emt 00:08:18]} 13. Re4 {[%clk 01:20:56]} {[%emt 00:05:49]} Nf6 {[%clk
01:02:47]} {[%emt 00:06:30]} 14. Re1 {[%clk 01:21:16]} {[%emt 00:00:09]} Bg4
{[%clk 00:57:52]} {[%emt 00:05:26]} 15. f3 {[%clk 01:15:00]} {[%emt 00:06:46]}
Be6 {[%clk 00:56:13]} {[%emt 00:02:09]} 16. Bf4 {[%clk 01:15:14]} {[%emt
00:00:15]} Rc8 {[%clk 00:53:24]} {[%emt 00:03:20]} 17. Be5 {[%clk 01:10:30]}
{[%emt 00:05:14]} Nd5 {[%clk 00:43:30]} {[%emt 00:10:25]} 18. Bxg7 {[%clk
01:09:12]} {[%emt 00:01:47]} Kxg7 {[%clk 00:40:30]} {[%emt 00:03:30]} 19. Ne4
{[%clk 01:05:13]} {[%emt 00:04:28]} h6 {[%clk 00:38:46]} {[%emt 00:02:16]} 20.
Kh1 {[%clk 01:01:36]} {[%emt 00:04:06]} Qb6 {[%clk 00:35:04]} {[%emt 00:04:12]}
21. b3 {[%clk 00:58:19]} {[%emt 00:03:46]} Rfd8 {[%clk 00:32:28]} {[%emt
00:03:08]} 22. Qc1 {[%clk 00:56:17]} {[%emt 00:02:30]} Qc7 {[%clk 00:26:15]}
{[%emt 00:06:44]} 23. Qb2+ {[%clk 00:55:03]} {[%emt 00:01:44]} 1/2-1/2

[Event "DEM U18w 2025"]
[Site "Willingen GER"]
[Date "2025.06.13"]
[Round "8"]
[White "von Beckh, Frieda"]
[Black "Loos, Tilda"]
[Result "1-0"]
[Termination "normal"]
[Board "8"]
[WhiteElo "1799"]
[BlackElo "1779"]
[WhiteClock "00:03:09"]
[BlackClock "00:11:10"]
[PlyCount "79"]
[WhiteFideId "16233751"]
[BlackFideId "34620559"]
[EventCountry "GER"]
[EventRounds "9"]
[EventType "swiss"]
[EventDate "2025.06.07"]

1. e4 {[%clk 01:30:57]} {[%emt 00:00:02]} c5 {[%clk 01:30:57]} {[%emt
00:00:04]} 2. Nc3 {[%clk 01:31:21]} {[%emt 00:00:06]} a6 {[%clk 01:31:23]}
{[%emt 00:00:04]} 3. f4 {[%clk 01:31:45]} {[%emt 00:00:05]} b5 {[%clk
01:31:48]} {[%emt 00:00:05]} 4. Nf3 {[%clk 01:32:01]} {[%emt 00:00:13]} Bb7
{[%clk 01:32:13]} {[%emt 00:00:05]} 5. d3 {[%clk 01:31:38]} {[%emt 00:00:54]}
e6 {[%clk 01:32:16]} {[%emt 00:00:27]} 6. a3 {[%clk 01:25:40]} {[%emt
00:06:28]} Nc6 {[%clk 01:31:51]} {[%emt 00:00:56]} 7. Be2 {[%clk 01:18:12]}
{[%emt 00:07:56]} d5 {[%clk 01:31:47]} {[%emt 00:00:35]} 8. exd5 {[%clk
01:16:07]} {[%emt 00:02:34]} exd5 {[%clk 01:32:12]} {[%emt 00:00:07]} 9. d4
{[%clk 01:08:08]} {[%emt 00:08:28]} Nf6 {[%clk 01:30:11]} {[%emt 00:02:31]} 10.
Be3 {[%clk 00:56:36]} {[%emt 00:12:00]} cxd4 {[%clk 01:30:02]} {[%emt
00:00:41]} 11. Nxd4 {[%clk 00:56:30]} {[%emt 00:00:36]} Nxd4 {[%clk 01:27:20]}
{[%emt 00:03:12]} 12. Bxd4 {[%clk 00:55:03]} {[%emt 00:01:57]} Bd6 {[%clk
01:17:13]} {[%emt 00:10:37]} 13. O-O {[%clk 00:53:52]} {[%emt 00:01:40]} O-O
{[%clk 01:13:07]} {[%emt 00:04:37]} 14. g3 {[%clk 00:52:11]} {[%emt 00:02:11]}
Be7 {[%clk 01:10:34]} {[%emt 00:03:03]} 15. Bf3 {[%clk 00:52:19]} {[%emt
00:00:22]} Qd6 {[%clk 01:08:27]} {[%emt 00:02:38]} 16. Qd3 {[%clk 00:46:40]}
{[%emt 00:06:07]} b4 {[%clk 01:05:09]} {[%emt 00:03:50]} 17. axb4 {[%clk
00:46:12]} {[%emt 00:00:57]} Qxb4 {[%clk 01:04:10]} {[%emt 00:01:30]} 18. Ra4
{[%clk 00:38:15]} {[%emt 00:08:25]} Qd6 {[%clk 01:04:11]} {[%emt 00:00:30]} 19.
Kh1 {[%clk 00:35:30]} {[%emt 00:03:14]} Rfd8 {[%clk 01:02:12]} {[%emt
00:02:30]} 20. Rd1 {[%clk 00:29:40]} {[%emt 00:06:19]} Qd7 {[%clk 00:53:30]}
{[%emt 00:09:12]} 21. Bb6 {[%clk 00:25:18]} {[%emt 00:04:50]} Rdc8 {[%clk
00:52:55]} {[%emt 00:01:08]} 22. Rd4 {[%clk 00:20:27]} {[%emt 00:05:19]} Qe6
{[%clk 00:48:26]} {[%emt 00:05:01]} 23. Ba5 {[%clk 00:17:19]} {[%emt 00:03:37]}
Bc5 {[%clk 00:47:20]} {[%emt 00:01:36]} 24. Nxd5 {[%clk 00:15:47]} {[%emt
00:02:03]} Nxd5 {[%clk 00:43:40]} {[%emt 00:04:10]} 25. Bxd5 {[%clk 00:15:35]}
{[%emt 00:00:42]} Bxd4 {[%emt 00:18:17]} 26. Bxb7 {[%clk 00:15:33]} {[%emt
00:00:30]} Bf6 {[%clk 00:25:30]} {[%emt 00:00:55]} 27. Bxa8 {[%clk 00:15:03]}
{[%emt 00:01:00]} Rxa8 {[%clk 00:25:48]} {[%emt 00:00:11]} 28. b3 {[%clk
00:13:24]} {[%emt 00:02:09]} h6 {[%clk 00:22:21]} {[%emt 00:03:58]} 29. Qd5
{[%clk 00:13:28]} {[%emt 00:00:25]} Qc8 {[%clk 00:21:15]} {[%emt 00:01:38]} 30.
c4 {[%clk 00:13:00]} {[%emt 00:00:57]} Rb8 {[%clk 00:21:17]} {[%emt 00:00:29]}
31. c5 {[%clk 00:11:32]} {[%emt 00:01:56]} Rb5 {[%clk 00:19:34]} {[%emt
00:02:14]} 32. b4 {[%clk 00:11:14]} {[%emt 00:00:48]} Be7 {[%clk 00:18:39]}
{[%emt 00:01:25]} 33. Qe4 {[%clk 00:08:07]} {[%emt 00:03:35]} Bf8 {[%clk
00:13:10]} {[%emt 00:06:01]} 34. Rd8 {[%clk 00:07:35]} {[%emt 00:00:55]} Qh3
{[%clk 00:13:19]} {[%emt 00:00:28]} 35. Qf3 {[%clk 00:05:06]} {[%emt 00:02:56]}
Qe6 {[%clk 00:11:53]} {[%emt 00:01:59]} 36. c6 {[%clk 00:04:03]} {[%emt
00:01:31]} Rxa5 {[%clk 00:10:40]} {[%emt 00:01:46]} 37. bxa5 {[%clk 00:04:14]}
{[%emt 00:00:19]} Qe1+ {[%clk 00:10:59]} {[%emt 00:00:10]} 38. Kg2 {[%clk
00:04:39]} {[%emt 00:00:05]} Qxa5 {[%clk 00:11:15]} {[%emt 00:00:14]} 39. Qd3
{[%clk 00:03:10]} {[%emt 00:01:57]} Qa2+ {[%clk 00:11:10]} {[%emt 00:00:37]}
40. Qd2 {[%clk 00:03:09]} {[%emt 00:00:30]} 1-0

[Event "DEM U18w 2025"]
[Site "Willingen GER"]
[Date "2025.06.13"]
[Round "8"]
[White "Reddi, Bhuvana"]
[Black "Stepanjan, Marianne"]
[Result "0-1"]
[Termination "normal"]
[Board "10"]
[WhiteElo "1851"]
[BlackElo "1712"]
[WhiteClock "00:01:04"]
[BlackClock "00:02:38"]
[PlyCount "80"]
[WhiteFideId "16287002"]
[BlackFideId "16246110"]
[EventCountry "GER"]
[EventRounds "9"]
[EventType "swiss"]
[EventDate "2025.06.07"]

1. e4 {[%clk 01:30:57]} {[%emt 00:00:02]} c5 {[%clk 01:30:57]} {[%emt
00:00:04]} 2. Ne2 {[%clk 01:31:20]} {[%emt 00:00:08]} d6 {[%clk 01:31:14]}
{[%emt 00:00:12]} 3. g3 {[%clk 01:31:40]} {[%emt 00:00:09]} Nf6 {[%clk
01:28:49]} {[%emt 00:02:54]} 4. Bg2 {[%clk 01:31:48]} {[%emt 00:00:23]} e6
{[%clk 01:27:13]} {[%emt 00:02:06]} 5. c3 {[%clk 01:31:27]} {[%emt 00:00:52]}
Be7 {[%clk 01:21:30]} {[%emt 00:06:13]} 6. O-O {[%clk 01:31:49]} {[%emt
00:00:08]} O-O {[%clk 01:21:53]} {[%emt 00:00:06]} 7. d4 {[%clk 01:32:13]}
{[%emt 00:00:07]} Nbd7 {[%clk 01:19:25]} {[%emt 00:02:58]} 8. f4 {[%clk
01:31:12]} {[%emt 00:01:31]} cxd4 {[%clk 01:16:21]} {[%emt 00:03:33]} 9. cxd4
{[%clk 01:28:14]} {[%emt 00:03:28]} Nb6 {[%clk 01:10:36]} {[%emt 00:06:14]} 10.
b3 {[%clk 01:27:25]} {[%emt 00:01:20]} Qc7 {[%clk 01:03:19]} {[%emt 00:07:47]}
11. h3 {[%clk 01:18:48]} {[%emt 00:09:07]} Bd7 {[%clk 01:01:12]} {[%emt
00:02:38]} 12. Bb2 {[%clk 01:17:44]} {[%emt 00:01:34]} Rac8 {[%clk 00:57:38]}
{[%emt 00:04:03]} 13. Nbc3 {[%clk 01:16:54]} {[%emt 00:01:21]} Bc6 {[%clk
00:49:23]} {[%emt 00:08:44]} 14. Rc1 {[%clk 01:16:46]} {[%emt 00:00:37]} Qd8
{[%clk 00:48:54]} {[%emt 00:00:59]} 15. g4 {[%clk 01:16:00]} {[%emt 00:01:17]}
d5 {[%clk 00:44:57]} {[%emt 00:04:28]} 16. e5 {[%clk 01:12:14]} {[%emt
00:04:15]} Ne4 {[%clk 00:44:22]} {[%emt 00:01:06]} 17. Nxe4 {[%clk 01:11:18]}
{[%emt 00:01:25]} dxe4 {[%clk 00:44:42]} {[%emt 00:00:09]} 18. f5 {[%clk
01:10:49]} {[%emt 00:01:01]} Bg5 {[%clk 00:39:34]} {[%emt 00:05:38]} 19. Rc2
{[%clk 00:54:32]} {[%emt 00:16:46]} Nd5 {[%clk 00:35:43]} {[%emt 00:04:22]} 20.
Bc1 {[%clk 00:52:57]} {[%emt 00:02:04]} e3 {[%clk 00:23:24]} {[%emt 00:12:50]}
21. Kh2 {[%clk 00:39:30]} {[%emt 00:13:55]} Nb4 {[%clk 00:21:29]} {[%emt
00:02:27]} 22. Rc4 {[%clk 00:33:27]} {[%emt 00:06:32]} Bxg2 {[%clk 00:18:26]}
{[%emt 00:03:33]} 23. Rxc8 {[%clk 00:33:25]} {[%emt 00:00:32]} Qxc8 {[%clk
00:16:28]} {[%emt 00:02:28]} 24. Kxg2 {[%clk 00:33:13]} {[%emt 00:00:42]} Qc6+
{[%clk 00:16:21]} {[%emt 00:00:36]} 25. Kg3 {[%clk 00:32:36]} {[%emt 00:01:07]}
exf5 {[%clk 00:10:58]} {[%emt 00:05:55]} 26. Rxf5 {[%clk 00:31:27]} {[%emt
00:01:37]} Qh6 {[%clk 00:09:37]} {[%emt 00:01:52]} 27. Ba3 {[%clk 00:23:14]}
{[%emt 00:08:41]} Qh4+ {[%clk 00:08:32]} {[%emt 00:01:37]} 28. Kg2 {[%clk
00:21:33]} {[%emt 00:02:06]} a5 {[%clk 00:08:42]} {[%emt 00:00:25]} 29. Nc3
{[%clk 00:20:30]} {[%emt 00:01:32]} Rc8 {[%clk 00:08:12]} {[%emt 00:01:00]} 30.
Bxb4 {[%clk 00:20:28]} {[%emt 00:00:34]} axb4 {[%clk 00:08:32]} {[%emt
00:00:10]} 31. Ne4 {[%clk 00:20:19]} {[%emt 00:00:38]} Bd8 {[%clk 00:04:41]}
{[%emt 00:04:04]} 32. Qd3 {[%clk 00:10:29]} {[%emt 00:10:37]} g6 {[%clk
00:03:06]} {[%emt 00:02:05]} 33. Rf3 {[%clk 00:10:39]} {[%emt 00:00:20]} Bg5
{[%clk 00:02:32]} {[%emt 00:00:58]} 34. Nd6 {[%clk 00:07:43]} {[%emt 00:03:32]}
Rc7 {[%clk 00:02:24]} {[%emt 00:00:27]} 35. Nc4 {[%clk 00:06:45]} {[%emt
00:01:39]} b5 {[%clk 00:02:37]} {[%emt 00:00:19]} 36. Nxe3 {[%clk 00:03:55]}
{[%emt 00:03:19]} Bxe3 {[%clk 00:02:11]} {[%emt 00:00:56]} 37. Qxe3 {[%clk
00:01:50]} {[%emt 00:02:36]} Rc2+ {[%clk 00:02:22]} {[%emt 00:00:17]} 38. Rf2
{[%clk 00:01:49]} {[%emt 00:00:25]} Rc3 {[%clk 00:02:26]} {[%emt 00:00:30]} 39.
Qe4 {[%clk 00:00:42]} {[%emt 00:01:40]} Qxh3+ {[%clk 00:02:17]} {[%emt
00:00:38]} 40. Kg1 {[%clk 00:01:04]} {[%emt 00:00:08]} Rc1+ {[%clk 00:02:38]}
{[%emt 00:00:08]} 0-1